| 000 | 00000nam 2200000za 4500 |
| 001 | 9.633130 |
| 003 | CaOODSP |
| 005 | 20210624215157 |
| 007 | cr ||||||||||| |
| 008 | 150407s2011 onc|||||o f|0| 0 fre d |
| 020 | |a0-662-72341-4 |
| 040 | |aCaOODSP|bfre |
| 043 | |an-cn--- |
| 086 | 1 |aT46-18/2006F-PDF |
| 110 | 1 |aCanada.|bTransports Canada. |bDirection de la sécurité routière et de la réglementation automobile. |
| 245 | 10|aRouler sur l'air |h[ressource électronique] : |binformation cruciale sur la sûreté de vos pneus et sur l'environnement. |
| 250 | |aRév. 2011. |
| 260 | |aOttawa : |bTransports Canada, |c2011, c1989. |
| 300 | |a16 p. : |bphotographies. |
| 500 | |aLe n° de catalogue (T46-18/2006F) et l'ISBN (0-662-72340-6) copiés dans cette édition électronique sont incorrects |
| 520 | 3 |aLe document intitulé Rouler sur l'air, publié par Transports Canada, vous fournit d'importants renseignements sur la sécurité des pneus. Vous y apprendrez notamment que des pneus bien gonflés, en plus d'assurer le fonctionnement sécuritaire de votre véhicule, réduisent la consommation de carburant. |
| 590 | |a12-27-Supp|b2012-06-12 |
| 691 | 07|aSécurité routière|2gcpds |
| 775 | 08|tRiding on air |w(CaOODSP)9.688714 |
| 776 | 0#|tRouler sur l'air : |w(CaOODSP)9.683371 |
| 795 | |tRouler sur l'air |w(CaOODSP)9.631204 |
| 856 | 40|ahttp://publications.gc.ca|qPDF|s1.01 Mo|uhttps://publications.gc.ca/collections/collection_2012/tc/T46-18-2006-fra.pdf |
| 986 | |aTP 2823 F (03/2011) |